000 00846nam a22002055i 4500
001 172785
003 ES-MaACL
005 20250831061533.0
008 090908s1932 sp |||| | spa d
110 1 _aEspaña
_93622
245 1 0 _aRégimen comercial con el Salvador
_b: acuerdo de prórroga mediante canje de notas, firmadas en Madrid el 31 de octubre y 16 de noviembre de 1932.
260 _aMadrid :
_b[s.n.],
_c1932 (
_fImpr. del Ministerio de Estado)
300 _a4 p. ;
_c24 cm.
490 1 _aPublicaciones del Ministerio de Estado. Serie A: Acuerdos y Convenios Internacionales. Año 1932 ;
_v28
500 _aLa cubierta sirve de portada.
710 1 _aEspaña.
_bMinisterio de Estado.
_93866
830 0 0 _aPublicaciones del Ministerio de Estado
_v28
_9189119
852 _aES-MaACL
_j2300-F-2
999 _c172785
_d172785